| 000 | 00633nam a2200217 4500 | ||
|---|---|---|---|
| 005 | 20240911113013.0 | ||
| 008 | 240911b |||||||| |||| 00| 0 eng d | ||
| 020 |
_aX _c[n.p] |
||
| 040 | _aMAIN | ||
| 082 |
_a615.19 _bR518I |
||
| 100 | _aRitu | ||
| 245 | _aImprovement of pharmaceutical characteristics of selected drugs through solid dispersion/cyclodextrin complexation | ||
| 260 |
_bDept. of Pharmaceuticel sciences, M D University, Rohtak _c2023 |
||
| 300 | _ax, 152 | ||
| 650 | _aPharmaceuticel sciences | ||
| 650 | _aDrugs | ||
| 700 | _aKaushik, Deepak | ||
| 700 | _aBudhwar, Vikas | ||
| 942 | _cTH | ||
| 999 |
_c356782 _d356782 |
||